LEADER 01852nam 2200433 450 001 9910466665903321 005 20200120100810.0 010 $a2-335-04147-9 035 $a(CKB)3790000000023151 035 $a(EBL)2086304 035 $a(MiAaPQ)EBC2086304 035 $a(Au-PeEL)EBL2086304 035 $a(OCoLC)914153023 035 $a(EXLCZ)993790000000023151 100 $a20200120d2015 uy 0 101 0 $afre 135 $aur|n|---||||| 181 $ctxt$2rdacontent 182 $cc$2rdamedia 183 $acr$2rdacarrier 200 10$aCoup d'oeil sur les poisons et les sciences occultes $edepuis l'antiquite? jusqu'au XVIIIe sie?cle /$fE?mile Gilbert 210 1$a[Place of publication not identified] :$cLigaran,$d[2015] 210 4$dİ2015 215 $a1 online resource (43 p.) 300 $aDescription based upon print version of record. 327 $aCouverture; Page de Copyright; Page de titre; Premie?re pe?riode; Deuxie?me pe?riode - De Dioscoride au XVIe sie?cle; Troisie?me pe?riode - Du XVIe au XVIIIe sie?cle; Conclusion 330 $a Extrait : ""Orphe?e, me?decin et poe?te, est le premier auteur de l'antiquite? qui, sans la nommer, se soit occupe? de la science Toxicologique. En effet, dans son poe?me des Pierres, il parle des diffe?rents poisons tire?s des ve?ge?taux, et du re?gne animal ; et de quelques pierres pre?cieuses, que l'on conside?rait comme antidotes ; il ne nomme point l'arsenic."" 606 $aPoisons$xHistory 608 $aElectronic books. 615 0$aPoisons$xHistory. 676 $a615.9009 700 $aGilbert$b E?mile$0909110 801 0$bMiAaPQ 801 1$bMiAaPQ 801 2$bMiAaPQ 906 $aBOOK 912 $a9910466665903321 996 $aCoup d'oeil sur les poisons et les sciences occultes$92033530 997 $aUNINA LEADER 01344nam 2200361Ia 450 001 996386354603316 005 20200824132202.0 035 $a(CKB)4940000000081530 035 $a(EEBO)2240867275 035 $a(OCoLC)ocm14444185e 035 $a(OCoLC)14444185 035 $a(EXLCZ)994940000000081530 100 $a19861021d1652 uy | 101 0 $aeng 135 $aurbn||||a|bb| 200 14$aThe fort-royal of Holy Scriptures, or, A new concordance of the chief heads of scripture common placed$b[electronic resource] $efor such as would suddenly command all the rarities in the Book of God /$fby J.H 205 $aThe second edition revised and enlarged. 210 $aLondon $cPrinted for William Leake ...$d1652 215 $a[8], 415 p 300 $aAttributed by Wing to Hart. 300 $aImperfect: pages stained and tightly bound with some loss of print. 300 $aReproduction of original in the University of Illinois (Urbana-Champaign Campus). Library. 330 $aeebo-0167 700 $aHart$b John$cD.D.$0195672 801 0$bEAG 801 1$bEAG 801 2$bm/c 801 2$bUMI 801 2$bWaOLN 906 $aBOOK 912 $a996386354603316 996 $aThe fort-royal of Holy Scriptures, or, A new concordance of the chief heads of Scripture common-placed$92299045 997 $aUNISA